Central Library and Information Centre
Sibsagar Girls' College, Sivasagar : Assam

NAMALINGANA (Record no. 2924)

MARC details
000 -LEADER
fixed length control field 00402cam a2200169ua 4500
008 - FIXED-LENGTH DATA ELEMENTS--GENERAL INFORMATION
fixed length control field 131128n1971 II |||gr||||Z||||||eng
040 ## - CATALOGING SOURCE
Original cataloging agency MAIN
041 ## - LANGUAGE CODE
-- English
082 ## - DEWEY DECIMAL CLASSIFICATION NUMBER
Classification number 205 BAR
100 ## - MAIN ENTRY--PERSONAL NAME
Personal name BOROOAH, ANUNDORAM.
245 ## - TITLE STATEMENT
Title NAMALINGANA
260 ## - PUBLICATION, DISTRIBUTION, ETC.
Place of publication, distribution, etc. GUWAHATI
Name of publisher, distributor, etc. GAUHATI UNIVERSITY COORDINATION COMMITTEE
Date of publication, distribution, etc. 1971
300 ## - PHYSICAL DESCRIPTION
Dimensions 20CM.
942 ## - ADDED ENTRY ELEMENTS (KOHA)
Koha item type Books
653 ## - INDEX TERM--UNCONTROLLED
Uncontrolled term Religious ethics
Holdings
Withdrawn status Lost status Damaged status Not for loan Collection code Home library Current library Shelving location Date acquired Full call number Barcode Date last seen Copy number Price effective from Koha item type
        TBSOC Central Library and Information Centre Sibsagar Girls College Central Library and Information Centre Sibsagar Girls College Location Not Found 07.03.1985 205 BAR 11143 27.02.2020 1 27.02.2020 Books


Sibsagar Girl's College © 2020. All rights reserved.
Powered by Koha.
Maintained by Abhijit Borpuzari.